| 000 | 01406nam a22003497a 4500 | ||
|---|---|---|---|
| 003 | OSt | ||
| 005 | 20231101092028.0 | ||
| 008 | 221006b |||||||| |||| 00| 0 eng d | ||
| 040 | _cBiblioteca Lado V | ||
| 082 |
_a621.436.2 _bP185m |
||
| 100 |
_9879 _aPamio, Oscar _edirector |
||
| 245 |
_aModulo/ _bRevista Semestral de Diseño Industrial/ |
||
| 260 |
_c1993 _bTaller de Publicaciones ITCR _aCosta Rica |
||
| 300 |
_c28x24cm _a54p. |
||
| 490 |
_v1993 _x1017-9321 _a33 |
||
| 505 | _aNotas del editor | ||
| 505 | _aJorge Debravo (Poema) | ||
| 505 | _aJoaquin Murillo (Disconformidad una variable en el trabajo creativo) | ||
| 505 | _aCharla con Francisco Amighetti | ||
| 505 | _aLa creatividad como acto vivencial | ||
| 505 | _aLuis Diego Herra, Composición y Creatividad | ||
| 505 | _aGenuis Loci y la actitud creativa | ||
| 505 | _aMaria Clara Vargas. La música de cámara un reto interesante | ||
| 505 | _aRafael Angel García, pintor y arquitecto por Luis Fernando Quirós | ||
| 505 | _aBúsqueda sobre la luz. La labor creativa de René Derowin | ||
| 505 | _aAbstracts | ||
| 650 |
_2Tesauro de Arte & Arquitectura _aDISEÑO INDUSTRIAL |
||
| 650 |
_2Tesauro de Arte & Arquitectura _aDIBUJO INDUSTRIAL |
||
| 650 |
_2Tesauro de Arte & Arquitectura _aINGENIEROS |
||
| 650 |
_2Tesauro de Arte & Arquitectura _aCULTURA |
||
| 942 |
_2ddc _c1 _h621.436.2 _iP185m _n0 |
||
| 999 |
_c4498 _d4498 |
||